Evaluación de impacto de coordinación docente en los centros educativos (Record no. 9180)
[ view plain ]
| 000 -LEADER | |
|---|---|
| campo de control de longitud fija | 00566nam a2200193Ia 4500 |
| 001 - NÚMERO DE CONTROL | |
| campo de control | 2864 |
| 003 - IDENTIFICADOR DE NÚMERO DE CONTROL | |
| campo de control | OSt |
| 005 - FECHA Y HORA DE LA ÚLTIMA TRANSACCIÓN | |
| campo de control | 20250826155953.0 |
| 008 - DATOS DE LONGITUD FIJA--INFORMACIÓN GENERAL | |
| campo de control de longitud fija | 241024s9999 xx 000 0 und d |
| 040 ## - FUENTE DE CATALOGACIÓN | |
| Centro catalogador/agencia de origen | CGIP0055 |
| Lengua de catalogación | spa |
| Centro/agencia transcriptor | CGIP0055 |
| Normas de descripción | RDA |
| 082 ## - NÚMERO DE LA CLASIFICACIÓN DECIMAL DEWEY | |
| Número de clasificación | RD/370.79/ID19E/2012 |
| 100 ## - ENTRADA PRINCIPAL--NOMBRE DE PERSONA | |
| Nombre de persona | IDEICE |
| 245 #0 - MENCIÓN DEL TÍTULO | |
| Título | Evaluación de impacto de coordinación docente en los centros educativos |
| 260 ## - PUBLICACIÓN, DISTRIBUCIÓN, ETC. | |
| Nombre del editor, distribuidor, etc. | Santo Domingo |
| Fecha de publicación, distribución, etc. | 2012 |
| 856 ## - LOCALIZACIÓN Y ACCESO ELECTRÓNICOS | |
| Identificador Uniforme de Recurso | <a href="https://ideice.gob.do/documentacion/publicaciones-msg-set-id-5">https://ideice.gob.do/documentacion/publicaciones-msg-set-id-5</a> |
| 901 ## - ELEMENTOS DE DATOS A LOCAL LDA (RLIN) | |
| a | 9/4/2013 12:54:38 p.m. |
| 942 ## - ELEMENTOS DE ENTRADA SECUNDARIOS (KOHA) | |
| Fuente de la clasificación o esquema de estantería | Clasificación Decimal Dewey |
| Tipo de ítem Koha | Libros |
| Suprimir en OPAC | No |
| Estatus retirado | Estado de pérdida | Fuente de la clasificación o esquema de estantería | Estado de daño | No para préstamo | Biblioteca de origen | Biblioteca actual | Fecha de adquisición | Total de préstamos | Visto por última vez | Identificador uniforme de recursos | Precio de reemplazo | Tipo de ítem Koha |
|---|---|---|---|---|---|---|---|---|---|---|---|---|
| Clasificación Decimal Dewey | Repositorio IDEICE | Repositorio IDEICE | 26/08/2025 | 26/08/2025 | https://ideice.gob.do/documentacion/publicaciones-msg-set-id-5 | 26/08/2025 | Libros |